Quantitative methods for business / (Record no. 346258)

000 -LEADER
fixed length control field 01456 a2200229 4500
020 ## - INTERNATIONAL STANDARD BOOK NUMBER
International Standard Book Number 0324044992
020 ## - INTERNATIONAL STANDARD BOOK NUMBER
International Standard Book Number 9780324044997
082 04 - DEWEY DECIMAL CLASSIFICATION NUMBER
Classification number 658.4033
090 ## - LOCALLY ASSIGNED LC-TYPE CALL NUMBER (OCLC); LOCAL CALL NUMBER (RLIN)
-- 3793
-- 3793
100 1# - MAIN ENTRY--PERSONAL NAME
Personal name Anderson, David R.
245 10 - TITLE STATEMENT
Title Quantitative methods for business /
Statement of responsibility, etc. David R. Anderson.
250 ## - EDITION STATEMENT
Edition statement 8th ed.
260 ## - PUBLICATION, DISTRIBUTION, ETC.
Place of publication, distribution, etc. [S.l.] :
Name of publisher, distributor, etc. South-Western Educational Publishing,
Date of publication, distribution, etc. 2000.
300 ## - PHYSICAL DESCRIPTION
Extent 840 p. ;
Dimensions 26 cm.
500 ## - GENERAL NOTE
General note Hardcover.
520 ## - SUMMARY, ETC.
Summary, etc. This revision of the classic Quantitative Methods for Business provides readers with a conceptual understanding of the role that quantitative methods play in the decision-making process. This text describes the many quantitative methods that have been developed over the years, explains how they work, and shows how the decision-maker can apply and interpret data. Written with the non-mathematician in mind, this text is applications-oriented. Its Problem-Scenario Approach motivates and helps the reader to understand and apply mathematical concepts and techniques. In addition, the managerial orientation uses examples that illustrate situations in which quantitative methods are useful in decision making.
700 1# - ADDED ENTRY--PERSONAL NAME
Personal name Williams, Thomas A.
700 1# - ADDED ENTRY--PERSONAL NAME
Personal name Sweeney, Dennis J.
856 40 - ELECTRONIC LOCATION AND ACCESS
Materials specified Amazon.com
Uniform Resource Identifier <a href="http://www.amazon.com/exec/obidos/ASIN/0324044992/chopaconline-20">http://www.amazon.com/exec/obidos/ASIN/0324044992/chopaconline-20</a>
856 40 - ELECTRONIC LOCATION AND ACCESS
Materials specified Amazon customer reviews
Uniform Resource Identifier <a href="http://www.chopac.org/cgi-bin/tools/azrev.pl?q=0324044992">http://www.chopac.org/cgi-bin/tools/azrev.pl?q=0324044992</a>
942 ## - ADDED ENTRY ELEMENTS (KOHA)
Institution code [OBSOLETE] NBS
Koha item type Book
Call number prefix 658.4033 AND
Holdings
Withdrawn status Lost status Damaged status Not for loan Permanent Location Current Location Date acquired Total Checkouts Full call number Barcode Date last seen Date last checked out Price effective from Koha item type
        Central Library (CL) Central Library (CL) 08/28/2013 1 658.4033 AND NBS7356 02/01/2022 09/26/2013 08/28/2013 Book
© 2023 Central Library, National University of Sciences and Technology. All Rights Reserved.